|
|
|
|
| LEADER |
00000cam a2200000 7i4500 |
| 001 |
0000000206 |
| 005 |
20040225.0 |
| 020 |
0 |
0 |
|a 9839269097 (vol. l)
|a 9839269100 (vol. ll)
|
| 090 |
0 |
0 |
|a JPSM634.98095951
|b STU 1999
|
| 245 |
0 |
0 |
|a STUDY on extraction and processing of forest residues and small dimension logs, Peninsular Malaysia
|c edited by Tai Kah Kee [and] Michael R. Jaeger
|
| 260 |
0 |
0 |
|a Kuala Lumpur :
|b Forestry Department Peninsular Malaysia ,
|c 1999
|
| 300 |
|
|
|a ix, 361 p. :
|b ill. (some col.) ;
|c 26 cm.
|
| 440 |
0 |
0 |
|a Technical report; v.2
|
| 650 |
0 |
0 |
|a Forest products
|z Peninsular Malaysia
|
| 650 |
0 |
0 |
|a Logwood
|z Peninsular Malaysia
|
| 700 |
0 |
1 |
|a Jaeger
|h Michael R.
|
| 700 |
0 |
1 |
|a Tai
|h Kah Kee
|
| 710 |
1 |
1 |
|a Malaysia ,
|c Forestry Department Peninsular Malaysia
|
| 998 |
|
|
|a JPSM
|
| 999 |
|
|
|a 0000001024
|b Monograph
|c Open Shelf
|e Default branch
|
| 999 |
|
|
|a 0000001301
|b Monograph
|c Open Shelf
|e Default branch
|
| 999 |
|
|
|a 0000001302
|b Monograph
|c Reference
|e Default branch
|
| 999 |
|
|
|a 0000001303
|b Monograph
|c Open Shelf
|e Default branch
|